Statistics for Pledge of Allegiance in Latin

Click here to take the quiz!

General Stats

  • This quiz has been taken 4 times
  • The average score is 13 of 23

Answer Stats

EnglishLatin% Correct
AndEt
100%
Of americaAmericae
67%
WithCum
67%
GodDeo
67%
Of the federatedFoederatarum
67%
LibertyLibertate
67%
Of meMeum
67%
NationNationi
67%
For allOmnibus
67%
ForPro
67%
Publicae
67%
WhichQua
67%
To the republicRei
67%
It standsStat
67%
OneUni
67%
StatesCivitatium
33%
Dividendae
33%
UnderDucente
33%
The allegianceFidem
33%
And justiceIustitiaque
33%
IndivisableNon
33%
I pledgeObligo
33%
To the flagVexillo
33%

Score Distribution

Percentile by Number Answered

Percent of People with Each Score

Your Score History

You have not taken this quiz